Greenbelt Property Limited v John Riggens and Another (Record no. 82432)
[ view plain ]
| 000 -LEADER | |
|---|---|
| fixed length control field | 01053cad a22001935a 4500 |
| 001 - CONTROL NUMBER | |
| control field | E150248 |
| 008 - FIXED-LENGTH DATA ELEMENTS--GENERAL INFORMATION | |
| fixed length control field | 100616e20100504xxk v 000 0 eng d |
| 035 ## - SYSTEM CONTROL NUMBER | |
| System control number | (Sirsi) u150248 |
| 041 0# - LANGUAGE CODE | |
| Language code of text/sound track or separate title | eng |
| 245 00 - TITLE STATEMENT | |
| Title | Greenbelt Property Limited v John Riggens and Another |
| Remainder of title | opinion |
| Medium | [electronic resource] |
| 260 ## - PUBLICATION, DISTRIBUTION, ETC. | |
| Date of publication, distribution, etc. | 2010 |
| 520 ## - SUMMARY, ETC. | |
| Summary, etc. | LTS/LR/2008/30. 4 May 2010. Relates to an application to determine the validity and enforceability of three title conditions under the Title Conditions (Scotland) Act 2003 S90(1)(a)(ii). The conditions in question related to the planting and establishment of amenity woodland; the management of such woodland; and a right of redemption. "Held: application granted. |
| 650 24 - SUBJECT ADDED ENTRY--TOPICAL TERM | |
| Topical term or geographic name entry element | GREENBELT PROPERTY LTD V RIGGENS AND ANOR |
| 650 24 - SUBJECT ADDED ENTRY--TOPICAL TERM | |
| Topical term or geographic name entry element | TITLE CONDITIONS (SCOTLAND) ACT 2003 |
| 651 #4 - SUBJECT ADDED ENTRY--GEOGRAPHIC NAME | |
| Geographic name | Scotland |
| Chronological subdivision | 1999- |
| 690 ## - LOCAL SUBJECT ADDED ENTRY--TOPICAL TERM (OCLC, RLIN) | |
| Topical term or geographic name as entry element | Planning and development |
| 9 (RLIN) | 6259 |
| 856 40 - ELECTRONIC LOCATION AND ACCESS | |
| Uniform Resource Identifier | <a href="https://www.lands-tribunal-scotland.org.uk/decisions/LTS.TC.2008.30.html">https://www.lands-tribunal-scotland.org.uk/decisions/LTS.TC.2008.30.html</a> |
| Public note | View the decision free of charge at www.lands-tribunal-scotland.org.uk |
| 942 ## - ADDED ENTRY ELEMENTS (KOHA) | |
| Suppress in OPAC | 0 |
| Withdrawn status | Lost status | Source of classification or shelving scheme | Damaged status | Not for loan | Home library | Current library | Shelving location | Date acquired | Total Checkouts | Full call number | Barcode | Date last seen | Copy number | Price effective from | Koha item type |
|---|---|---|---|---|---|---|---|---|---|---|---|---|---|---|---|
| Dewey Decimal Classification | Virtual | Virtual | Online | 16/06/2010 | ONLINE PUBLICATION | 150248-2001 | 06/08/2019 | 1 | 06/08/2019 | Book |